000 00616nam a2200193 i 4500
001 130832
003 ES-MaACL
005 20250826015326.0
007 t|
008 070809s1971 sp ||||1| spa d
100 1 _aZeman, Z. A. B.
_9118168
245 1 3 _aEl ocaso de los Habsburgo
_b: final del Imperio Austro-Húngaro /
_cZ. A. B. Zeman ; [traducción de Juan Olivar].
260 _aBarcelona :
_bNauti,
_c[1971]
300 _a128 p. :
_bil. ;
_c21 cm.
600 3 4 _aHabsburgo, Casa de
_961383
700 1 _aOlivar, Juan.
_986757
852 _aES-MaACL
_jC-44203
_bR.79006
999 _c130832
_d130832